Dictée de Mérimée selon la nouvelle orthographe - Statistiques

Statistiques générales
  • Ce quiz a été pris 64 fois
  • Le résultat moyen est 5 sur 12
Statistiques - réponses
Phrase Mot % Correct
Pour parler sans ambiguïté ambigüité
97%
Quelles que soient, et quelque exiguës exigües
78%
les cuisseaux de veau et les cuissots de chevreuil prodigués par l’amphitryon, fut un vrai guêpier. cuisseaux
62%
qu’aient pu paraître, à côté de la somme due, paraitre
59%
ce dîner à Sainte-Adresse, près du Havre, malgré les effluves embaumés de la mer, malgré les vins de très bons crus, diner
52%
et de leur infliger une raclée, alors qu’ils ne songeaient qu’à prendre des rafraîchissements avec leurs coreligionnaires. rafraichissements
40%
les arrhes qu’étaient censés avoir données la douairière et le marguillier, il était infâme d’en vouloir pour cela à ces fusiliers jumeaux et mal bâtis3 marguiller
29%
et qu’elle s'est crue obligée de frapper l’exigeant marguiller sur son omoplate vieillie. marguiller
29%
— Par saint Martin, quelle hémorragie ! s’écria ce bélitre. bélitre
28%
Deux alvéoles furent brisés ; une dysenterie se déclara suivie d’une phtisie et l’imbécilité du malheureux s’accrut. imbécilité
17%
À cet évènement, saisissant son goupillon, ridicule excédent de bagage, il la poursuivit dans l’église tout entière évènement
16%
Quoi qu’il en soit, c’est bien à tort que la douairière, par un contresens exorbitant, s’est laissé entraîner à prendre un râteau (2 mots) laissé entrainer
2%
Aucun quiz correspondant
Distribution des résultats
% des personnes avec chaque résultat
Percentile par nombre de réponses
Votre historique - résultats
Vous n’avez pas pris ce quiz